000 00401nam a2200157Ia 4500
008 230917s9999||||xx |||||||||||||| ||und||
020 _cRS0.35
040 _e12661
_aMAIN
041 _aEnglish
082 _a301.44 D35S
100 _aDep, P C
245 0 _aSocial stratification and mobility in rural setting
260 _aDelhi
_bResearch Publishing
_c1975
300 _axii,120 p.
942 _cBK
999 _c187282
_d187282